00181nam a22000857a 4500003000400000245002400004260003800028942001200066999001700078SGT aPeriodontology 2000 bWiley Blackwellc2009-11; 2013-20 2ddccBV c28217d28217